Al-Sunnah : kedudukan dan peranannya didalam syariah Islam

Bibliographic Details
Main Author: Mahmud Saedon A.Othman
Format: Book
Published: Kuala Lumpur : DBP , 1992
Subjects:

MARC

LEADER 00000cam a2200000 7i4500
001 0000004142
002 000004456
005 20000330.0
020 |a 9836215441 
090 0 0 |a 297.14   |b MAH 
100 0 |a Mahmud Saedon A.Othman 
245 1 0 |a Al-Sunnah :   |b kedudukan dan peranannya didalam syariah Islam   |c Mahmud Saedon A. Othman 
260 |a Kuala Lumpur :   |b DBP ,   |c 1992 
300 |a 170 p. ;   |c 22 cm. 
650 0 0 |a Al Sunnah 
650 0 0 |a Islam   |x Rituals 
999 |a 033442   |b BUKU   |c PINJAMAN   |e PERPUSTAKAAN KOMUNITI PETALING JAYA